000 00246nmm a2200085Ia 4500
008 220120s9999||||xx |||||||||||||||||und||
100 _aACM
_910765
245 0 _aACM 2006 SIGPLAN : 2005 Sigplan Conference workshop proccedi
260 _aACM press
_c2006
999 _c138620
_d138620